| 000 | 00976nam a22002777a 4500 | ||
|---|---|---|---|
| 003 | MX-MxUPN | ||
| 005 | 20250208063748.0 | ||
| 007 | cr |||aaa||||| | ||
| 008 | 231206s2022 cl|d|||fo||||i000 0 spa d | ||
| 022 | _a16808983 | ||
| 040 |
_aMX-MxUPN _bspa |
||
| 050 | 4 | _aLB3416 | |
| 100 | 1 |
_950693 _aHuepe, Mariana |
|
| 100 | 1 |
_950694 _aPalma, Amalia |
|
| 100 | 1 |
_950695 _aTrucco, Daniela |
|
| 245 | 1 | 3 |
_aEducación en tiempos de pandemia _h[recurso electrónico en línea] |
| 260 |
_aSantiago : _bComisión Económica para América Latina y el Caribe, _c2022 |
||
| 300 |
_a1 recurso en línea (97 páginas) : _bPDF |
||
| 490 |
_aSerie políticas sociales ; _v243 |
||
| 506 | 0 | _aAcceso abierto. | |
| 650 | 4 |
_aPandemia de COVID-19, 2020-2023 _xEfecto de la educación _zAmérica Latina _950692 |
|
| 650 | 4 |
_94171 _aEducación a distancia _zAmérica Latina |
|
| 856 | 4 | 0 | _uhttps://hdl.handle.net/11362/48204 |
| 902 | _aVíctorGodínez/061223 | ||
| 942 |
_2lcc _cLIBRO-E |
||
| 999 |
_c210689 _d210689 |
||